| 000 | 01356nam a2200385 a 4500 | ||
|---|---|---|---|
| 001 | 22203 | ||
| 003 | VRT | ||
| 005 | 20260323130929.0 | ||
| 008 | 240315s2011 xo g 000 f slo | ||
| 015 | _aSNBA2012/12-05833 | ||
| 020 |
_a9788089482245 _q(viaz.) |
||
| 035 | _aBBCF056F-0B11-412B-BF68-B53A001D7445 | ||
| 035 | _aurn:nbn:sk:snk-amjhij | ||
| 035 | _aurn:nbn:sk:snk-am002h1c | ||
| 039 | 9 |
_a202403151826 _bVLOAD _c201808091623 _dVLOAD _c201508271350 _dVLOAD _c201508271018 _dVLOAD |
|
| 040 |
_aPPPK _bslo _cPPPK _dSNK _eAACR2 |
||
| 041 | 0 | _aslo | |
| 044 |
_axo _cSK |
||
| 072 | 7 |
_a821.162.4-3 _xSlovenská próza _2konspekt |
|
| 080 |
_a821.162.4-31 _22001 |
||
| 100 | 1 |
_aSabová, Nata _4aut |
|
| 245 | 1 | 0 |
_aZuzanina skrytá tvár _cNata Sabová |
| 250 | _a[1. vyd.] | ||
| 260 |
_aBratislava _bMotýľ _c2011 |
||
| 300 |
_a387 s. _c21 cm |
||
| 655 | 7 |
_aslovenské romány _2SNKPH |
|
| 655 | 7 |
_aSlovak fiction _2SNKPHeng |
|
| 942 |
_2ddc _cKLDO _n0 |
||
| 949 |
_63830001154179 _akurukT18/SABO2-1 _bkuruk2024/F800 _oD2024/katedra histórie FFKU/9.4.2024 |
||
| 949 |
_6270001000397511 _asvkbbA 134287 _bsvkbbm 725849 |
||
| 949 |
_617A1017893 _asnkSC 149833 _bsnk2012/11038 _o1406/12 |
||
| 949 |
_617A1017894 _asnkSC 149833 D1 _bsnk2012/11039 _o1406/12 _s6100:20140925 |
||
| 980 | _a821.162.4-31 | ||
| 999 |
_c22203 _d22203 |
||